Every 2020/21 Premier League Clubs' Record Transfers In - Statistics

General Stats
  • This quiz has been taken 68 times
  • The average score is 82 of 200
Answer Stats
Club Previous Club Position Country Fee Year Current Club Answer % Correct
Arsenal Lyon ST France $58mil 2017 Arsenal Alexandre Lacazette
94%
Arsenal FC Barcelona LW Chile $47mil 2014 Inter Milan Alexis Sanchez
94%
Tottenham Ajax CB Colombia $46mil 2017 Tottenham Davinson Sanchez
94%
Arsenal Real Madrid CAM Germany $52mil 2013 Fenerbahce Mesut Ozil
94%
Arsenal Lille RW Ivory Coast $88mil 2019 Arsenal Nicolas Pepe
94%
Arsenal Borussia Dortmund ST Gabon $70mil 2018 Arsenal Pierre-Emerick Aubameyang
94%
Arsenal Atletico Madrid CDM Ghana $55mil 2020 Arsenal Thomas Partey
94%
Arsenal Borussia Monchengladbach CDM Switzerland $50mil 2016 Arsenal Granit Xhaka
91%
Arsenal Valencia CB Germany $45mil 2016 Schalke 04 Shkodran Mustafi
86%
Liverpool Wolverhampton LW Portugal $40mil 2020 Liverpool Diogo Jota
71%
Liverpool AS Roma GK Brazil $56mil 2018 Liverpool Alisson
69%
Tottenham Bayer Leverkusen LW South Korea $33mil 2015 Tottenham Heung-Min Son
69%
Liverpool AS Roma RW Egypt $38mil 2017 Liverpool Mohamed Salah
69%
Everton Chelsea ST Belgium $39mil 2014 Inter Milan Romelu Lukaku
69%
Manchester United Everton ST Belgium $93mil 2017 Inter Milan Romelu Lukaku
69%
Liverpool Southampton LW Senegal $37mil 2016 Liverpool Sadio Mane
69%
Southampton RB Salzburg LW Senegal $25mil 2014 Liverpool Sadio Mane
69%
Liverpool Southampton CB Netherlands $76mil 2018 Liverpool Virgil van Dijk
69%
Manchester United Real Madrid RW Argentina $83mil 2014 Paris Saint-Germain Angel Di Maria
66%
Crystal Palace Liverpool ST Belgium $31mil 2016 Crystal Palace Christian Benteke
66%
Liverpool Aston Villa ST Belgium $42mil 2015 Crystal Palace Christian Benteke
66%
Aston Villa Sunderland ST England $22mil 2011 Retired Darren Bent
66%
Chelsea Liverpool ST Spain $64mil 2011 Retired Fernando Torres
66%
Chelsea Napoli CM Italy $63mil 2018 Chelsea Jorginho
66%
Chelsea Bayer Leverkusen CAM Germany $88mil 2020 Chelsea Kai Havertz
66%
Chelsea Athletic Bilbao GK Spain $88mil 2018 Chelsea Kepa Arrizabalaga
66%
Manchester City VFL Wolfsburg CAM Belgium $84mil 2015 Manchester City Kevin De Bruyne
66%
Chelsea Real Madrid CM Croatia $50mil 2019 Chelsea Mateo Kovacic
66%
Manchester City Leicester City RW Algeria $75mil 2018 Manchester City Riyad Mahrez
66%
Manchester City Atletico Madrid CDM Spain $69mil 2019 Manchester City Rodri
66%
Manchester City Benfica CB Portugal $75mil 2020 Manchester City Ruben Dias
66%
Chelsea Real Madrid ST Spain $73mil 2017 Atletico Madrid (Juventus: Loan) Alvaro Morata
63%
Chelsea AC Milan ST Ukraine $48mil 2006 Retired Andriy Shevchenko
63%
Manchester City Athletic Bilbao CB France $72mil 2018 Manchester City Aymeric Laporte
63%
Chelsea Leicester City LB England $55mil 2020 Chelsea Ben Chilwell
63%
Manchester United Sporting Portugal CAM Portugal $61mil 2020 Manchester United Bruno Fernandes
63%
Chelsea Borussia Dortmund LW USA $70mil 2019 Chelsea Christian Pulisic
63%
Southampton Liverpool ST England $24mil 2019 Southampton Danny Ings
63%
Manchester United Leicester City CB England $96mil 2019 Manchester United Harry Maguire
63%
Manchester City Juventus RB Portugal $72mil 2019 Manchester City Joao Cancelo
63%
Manchester City Everton CB England $61mil 2016 Manchester City John Stones
63%
Manchester United Juventus CM France $116mil 2016 Manchester United Paul Pogba
63%
Leeds West Ham CB England $26mil 2000 Retired Rio Ferdinand
63%
Manchester United Leeds United CB England $51mil 2002 Retired Rio Ferdinand
63%
Liverpool Hoffenheim CF Brazil $37mil 2015 Liverpool Roberto Firmino
63%
Chelsea RB Leipzig ST Germany $58mil 2020 Chelsea Timo Werner
63%
Manchester United AS Monaco ST France $66mil 2015 Manchester United Anthony Martial
60%
Liverpool AS Monaco CDM Brazil $41mil 2018 Liverpool Fabinho
60%
Everton Swansea City CAM Iceland $54mil 2017 Everton Gylfi Sigurdsson
60%
Manchester United Chelsea CAM Spain $49mil 2014 Manchester United Juan Mata
60%
Manchester City Tottenham RB England $58mil 2017 Manchester City Kyle Walker
60%
Everton Burnley CB England $31mil 2017 Everton Michael Keane
60%
Everton Juventus ST Italy $30mil 2019 Everton (PSG: Loan) Moise Kean
60%
Liverpool RB Leipzig CM Guinea $54mil 2018 Liverpool Naby Keita
60%
Manchester City Liverpool LW England $70mil 2015 Manchester City Raheem Sterling
60%
Leeds Inter Milan ST Ireland $18mil 2001 Retired Robbie Keane
60%
Manchester United Crystal Palace RB England $61mil 2019 Manchester United Aaron Wan-Bissaka
57%
Manchester City AS Monaco LB France $63mil 2017 Manchester City Benjamin Mendy
57%
Manchester United Shakhtar Donetsk CM Brazil $65mil 2018 Manchester United Fred
57%
Everton Sunderland GK England $31mil 2017 Everton Jordan Pickford
57%
Everton Watford LW Brazil $43mil 2018 Everton Richarlison
57%
Wolves Middlesbrough RW Spain $22mil 2018 Wolves Adama Traore
54%
Everton Arsenal LM Nigeria $33mil 2019 Everton Alex Iwobi
54%
Liverpool Newcastle ST England $37mil 2011 Newcastle Andy Carroll
54%
Aston Villa Lyon RM Burkina Faso $18mil 2020 Aston Villa Bertrand Traore
54%
Aston Villa Arsenal GK Argentina $17mil 2020 Aston Villa Emiliano Martinez
54%
Aston Villa Brentford ST England $30mil 2020 Aston Villa Ollie Watkins
54%
Leicester Sporting Portugal CM Portugal $25mil 2018 Sampdoria Adrien Silva
51%
Wolves FC Porto ST Portugal $44mil 2020 Wolves Fabio Silva
51%
Arsenal Saint-Etienne CB France $33mil 2019 Arsenal (Nice: Loan) William Saliba
51%
Everton FC Barcelona CB Colombia $33mil 2018 Everton Yerry Mina
51%
Leeds Valencia ST Spain $30mil 2020 Leeds United Rodrigo
49%
Leicester AS Monaco CM Belgium $45mil 2019 Leicester City Youri Tielemans
49%
Fulham Newcastle ST Serbia $25mil 2018 Fulham Aleksandar Mitrovic
46%
Newcastle RSC Anderlect ST Serbia $20mil 2015 Fulham Aleksander Mitrovic
46%
Newcastle AFC Bournemouth ST England $24mil 2020 Newcastle Callum Wilson
46%
Burnley Leeds United ST New Zealand $18mil 2017 Burnley Chris Wood
46%
Crystal Palace Queens Park Rangers CAM England $18mil 2020 Crystal Palace Eberechi Eze
46%
Newcastle Hoffenheim ST Brazil $48mil 2019 Newcastle Joelinton
46%
Newcastle Real Madrid ST England $28mil 2005 Retired Michael Owen
46%
Brighton Brentford ST France $24mil 2019 Brighton Neal Maupay
46%
Leicester FC Porto RB Portugal $22mil 2018 Leicester City Ricardo Pereira
46%
Leicester Sporting Portugal ST Algeria $31mil 2016 Lyon Islam Slimani
43%
Leicester Manchester City ST Nigeria $28mil 2017 Leicester City Kelechi Iheanacho
43%
Crystal Palace Liverpool CB France $28mil 2017 Crystal Palace Mamadou Sakho
43%
Tottenham Newcastle CM France $39mil 2016 Tottenham Moussa Sissoko
43%
Tottenham Lyon CM France $66mil 2019 Tottenham Tanguy Ndombele
43%
Aston Villa Bournemouth CB England $22mil 2019 Aston Villa Tyrone Mings
43%
Leicester Saint-Etienne CB France $35mil 2020 Leicester City Wesley Fofana
43%
Newcastle Blackburn Rovers ST England $23mil 1996 Retired Alan Shearer
40%
Leicester Newcastle RW Spain $34mil 2019 Leicester City Ayoze Perez
40%
Leicester SC Freiburg CB Turkey $21mil 2018 Leicester City Caglar Soyuncu
40%
Tottenham Real Betis CM Argentina $35mil 2020 Tottenham Giovani Lo Celso
40%
Leeds Wolverhampton RW Portugal $18mil 2020 Leeds United Helder Costa
40%
Leicester Norwich City CAM England $25mil 2018 Leicester City James Maddison
40%
Aston Villa Marseille CM France $16mil 2021 Aston Villa Morgan Sanson
40%
Crystal Palace Sunderland LB Netherlands $11mil 2017 Crystal Palace Patrick Van Aanholt
40%
Tottenham PSV Eindhoven LW Netherlands $33mil 2020 Tottenham Steven Bergwijn
40%
Crystal Palace Newcastle RW England $16mil 2016 Crystal Palace Andros Townsend
37%
Newcastle PSV Eindhoven CM Netherlands $22mil 2015 Liverpool Georginio Wijnaldum
37%
Tottenham Paris Saint-Germain RM Brazil $31mil 2018 Tottenham Lucas Moura
37%
Newcastle Atlanta United CAM Paraguay $26mil 2019 Newcastle Miguel Almiron
37%
Wolves FC Barcelona RB Portugal $33mil 2020 Wolves Nelson Semedo
37%
Wolves Benfica ST Mexico $42mil 2019 Wolves Raul Jimenez
37%
Tottenham Valencia ST Spain $33mil 2013 Granada Roberto Soldado
37%
Wolves Sporting Portugal GK Portugal $20mil 2018 Wolves Rui Patricio
37%
Tottenham Real Madrid LB Spain $33mil 2020 Tottenham Sergio Reguilon
37%
Aston Villa Club Brugge ST Brazil $25mil 2019 Aston Villa Wesley
37%
Everton Crystal Palace LW DR Congo $32mil 2016 Everton (Middlesbrough: Loan) Yannick Bolasie
37%
Aston Villa Manchester City CDM Brazil $17mil 2019 Aston Villa Douglas Luiz
34%
Tottenham AS Roma RM Argentina $33mil 2013 Tottenham Erik Lamela
34%
Brighton KRC Genk LW Belgium $22mil 2019 Brighton Leandro Trossard
34%
Newcastle Nice LW France $20mil 2019 Newcastle Allan Saint-Maximin
31%
West Ham Swansea City ST Ghana $27mil 2016 Swansea City Andre Ayew
31%
Crystal Palace West Ham CDM Senegal $11mil 2018 Crystal Palace Cheikhou Kouyate
31%
Wolves Olympiacos RW Portugal $22mil 2020 Wolves Daniel Podence
31%
Crystal Palace West Ham CB England $12mil 2016 Crystal Palace James Tomkins
31%
Fulham Nice CM Ivory Coast $30mil 2018 Fulham (Bordeaux: Loan) Jean-Michael Seri
31%
Aston Villa Nottingham Forest RB England $16mil 2020 Aston Villa Matty Cash
31%
Wolves AC Milan ST Italy $31mil 2019 Wolves (Valencia: Loan) Patrick Cutrone
31%
Wolves FC Porto CM Portugal $20mil 2017 Wolves Ruben Neves
31%
Everton Norwich CB England $30mil 2020 Everton Ben Godfrey
29%
West Ham Bayer Leverkusen ST Mexico $18mil 2017 LA Galaxy Chicharito
29%
West Ham Lazio LM Brazil $42mil 2018 West Ham (Porto: Loan) Felipe Anderson
29%
Crystal Palace Leicester City LM Ghana $14mil 2017 Crystal Palace Jeffrey Schlupp
29%
Crystal Palace Olympiacos CDM Serbia $15mil 2017 Crystal Palace Luka Milivojevic
29%
Southampton Napoli ST Italy $19mil 2017 Sampdoria Manolo Gabbiadini
29%
Southampton Juventus CDM Gabon $19mil 2017 Southampton (Fulham: Loan) Mario Lemina
29%
Burnley Derby County ST Czech Republic $13mil 2018 Burnley Matej Vydra
29%
Sheffield United Liverpool ST England $29mil 2020 Sheffield United Rhian Brewster
29%
Burnley Norwich City LM Ireland $17mil 2017 Burnley Robbie Brady
29%
Leeds SC Freiburg CB Germany $13mil 2020 Leeds United Robin Koch
29%
Sheffield United KRC Genk CDM Norway $26mil 2020 Sheffield United Sander Berge
29%
Leicester Atalanta RB Belgium $24mil 2020 Leicester City Timothy Castagne
29%
Crystal Palace Paris Saint-Germain CM France $14mil 2015 Retired Yohan Cabaye
29%
Brighton Lille CM Mali $19mil 2018 Brighton Yves Bissouma
29%
Sheffield United AFC Bournemouth GK England $23mil 2020 Sheffield United Aaron Ramsdale
26%
West Ham Borussia Dortmund RW Ukraine $20mil 2018 West Ham Andriy Yarmolenko
26%
Leeds Real Sociedad CB Spain $20mil 2020 Leeds United Diego Llorente
26%
Southampton Borussia Monchengladbach CB Denmark $28mil 2018 Southampton Jannik Vestergaard
26%
Burnley West Brom LW England $11mil 2019 Burnley Jay Rodriguez
26%
West Brom Southampton ST England $14mil 2017 Burnley Jay Rodriguez
26%
West Ham Stoke City ST Austria $25mil 2017 Shanghai Port Marko Arnautovic
26%
Aston Villa Southampton LB England $16mil 2019 Aston Villa Matt Targett
26%
West Brom Tottenham LM Belgium $15mil 2016 Istanbul Basaksehir Nacer Chadli
26%
Wolves Lazio LW Portugal $20mil 2019 Wolves Pedro Neto
26%
Leeds Liverpool ST England $17mil 2001 Retired Robbie Fowler
26%
West Ham Eintracht Frankfurt ST Ivory Coast $55mil 2019 Ajax Sebastien Haller
26%
Brighton AZ Alkmaar RW Iran $21mil 2018 Brighton Alireza Jahanbakhsh
23%
Fulham Marseille CDM Cameroon $25mil 2018 Fulham Andre-Frank Zambo Anguissa
23%
Burnley Brentford ST England $14mil 2015 Watford Andre Gray
23%
Fulham Twente FC CAM Costa Rica $12mil 2011 Alajuelense Bryan Ruiz
23%
Newcastle Marseille RW France $20mil 2015 Marseille Florian Thauvin
23%
Wolves Atletico Madrid LB Spain $23mil 2019 Wolves Jonny
23%
West Brom Zenit Saint-Petersburg ST Venezuela $17mil 2015 Dalian Pro (CSKA Moscow: Loan) Salomon Rondon
23%
Brighton Bristol City CB England $24mil 2019 Brighton Adam Webster
20%
Fulham Everton ST England $13mil 2008 Retired Andy Johnson
20%
Brighton RB Leipzig LB Brazil $11mil 2018 Brighton (RB Salzburg: Loan) Bernardo
20%
Brighton PSV Eindhoven CM Netherlands $14mil 2017 Brighton Davy Propper
20%
Arsenal Manchester United CM Armenia $37mil 2018 Roma Henrikh Mhkitaryan
20%
Fulham Wolverhampton RW Portugal $12mil 2020 Fulham Ivan Cavaleiro
20%
Burnley Swansea City CM England $10mil 2017 Burnley Jack Cork
20%
Brighton Lech Poznan CM Poland $12mil 2020 Brighton Jakub Moder
20%
Burnley Derby County CM Ireland $13mil 2016 Newcastle Jeff Hendrick
20%
Brighton Club Brugge LW Colombia $17mil 2017 Brighton Jose Izquierdo
20%
Brighton PSV Eindhoven ST Netherlands $19mil 2018 Brighton (FC Cincinnati: Loan) Jurgen Locadia
20%
Southampton FC Basil LW Norway $20mil 2018 Southampton (Celtic: Loan) Mohamed Elyounoussi
20%
Sheffield United Swansea City ST Scotland $21mil 2019 Sheffield United Oliver McBurnie
20%
West Ham Villareal CAM Spain $31mil 2019 West Ham Pablo Fornals
20%
Leeds Rennes RW Brazil $19mil 2020 Leeds United Raphina
20%
West Ham Brentford LW Algeria $25mil 2021 West Ham Said Benrahma
20%
Leeds Derby County CM England $12mil 2001 Retired Seth Johnson
20%
Fulham Swansea City CB England $17mil 2018 Fulham (Bristol City: Loan) Alfie Mawson
17%
West Ham Toulouse CB France $28mil 2018 West Ham Issa Diop
17%
West Ham Hull City RW England $22mil 2020 West Ham Jarrod Bowen
17%
Fulham Olympiacos ST Greece $15mil 2014 Aris Konstantinos Mitroglou
17%
Sheffield United West Brom ST Scotland $7mil 2020 Sheffield United Oliver Burke
17%
West Brom RB Leipzig ST Scotland $15mil 2017 Sheffield United Oliver Burke
17%
Southampton LOSC Lille LW Morocco $21mil 2016 Angers Sofiane Boufal
17%
Burnley RSC Anderlecht CM Belgium $9mil 2016 Mechelen Steven Defour
17%
Burnley Middlesbrough CB England $19mil 2018 Burnley (Norwich: Loan) Ben Gibson
14%
Southampton Birmingham ST Scotland $18mil 2019 Southampton Che Adams
14%
Sheffield United Brentford CB Ireland $5mil 2018 Sheffield United John Egan
14%
Burnley Bristol City CM England $11mil 2020 Burnley Josh Brownhill
14%
Sheffield United AFC Bournemouth ST France $12mil 2019 Sheffield United Lys Mousset
14%
Southampton Lazio CB Netherlands $18mil 2017 Southampton (Lazio: Loan) Wesley Hoedt
14%
Sheffield United Preston North End ST Ireland $9mil 2019 West Brom Callum Robinson
11%
Southampton AS Monaco ST Argentina $24mil 2018 Elche FC Guido Carrillo
11%
Leeds Lens CDM France $11mil 2000 Retired Olivier Dacourt
11%
Newcastle Deportivo La Coruna LW Spain $22mil 2005 Retired Albert Luque
9%
West Brom Hull City CDM England $12mil 2017 West Brom Jake Livermore
9%
West Brom Hull City CB Wales $11mil 2015 Stoke City James Chester
9%
West Brom Huddersfield Town ST England $17mil 2020 West Brom Karlan Grant
9%
Fulham Leeds United ST Scotland $12mil 2014 Aldershot Town Ross McCormack
9%
West Brom Dynamo Kyiv ST Nigeria $13mil 2014 Goztepe Brown Ideye
6%
West Brom West Ham LW England $14mil 2020 West Brom Grady Diangana
6%
Sheffield United Queens Park Rangers CAM England $6mil 2019 Sheffield United (Nottingham Forest: Loan) Luke Freeman
6%
West Brom Coventry City ST England $9mil 2002 Retired Lee Hughes
3%
Fulham Lyon ST France $18mil 2001 Retired Steve Marlet
3%
Sheffield United Everton ST England $6mil 2007 Retired James Beattie
0%
No matching quizzes found
Score Distribution
Percent of People with Each Score
Percentile by Number Answered
Your Score History
You have not taken this quiz